Statistics for glass animals lyrics #3

Click here to take the quiz!

General Stats

  • This quiz has been taken 23 times
  • The average score is 262 of 401

Answer Stats

Answer% Correct
a
100%
I
94%
the
89%
we
89%
We
89%
you
89%
You
89%
me
83%
what
83%
And
78%
and
78%
im
78%
I'm
78%
in
78%
no
78%
on
78%
to
78%
were
78%
your
78%
but
72%
Don't
72%
don't
72%
baby
67%
day
67%
it
67%
just
67%
Just
67%
know
67%
more
67%
not
67%
so
67%
wanna
67%
all
61%
All
61%
dance
61%
it's
61%
look
61%
now
61%
Now
61%
say
61%
summer
61%
talk
61%
had
56%
how
56%
kissed
56%
like
56%
love
56%
up
56%
forget
50%
fucked
50%
good
50%
hurricanes
50%
Leave
50%
minute
50%
morning
50%
of
50%
once
50%
past
50%
something
50%
taste
50%
There's
50%
there's
50%
they
50%
anyway
44%
cigarettes
44%
different
44%
fell
44%
gonna
44%
loud
44%
Nothing's
44%
out
44%
perfect
44%
safe
44%
stop
44%
then
44%
till
44%
was
44%
Whiplash
44%
corners
39%
down
39%
face
39%
left
39%
living
39%
warning
39%
built
33%
burned
33%
'cause
33%
hair
33%
house
33%
how's
33%
let
33%
Put
33%
trail
33%
vapour
33%
written
33%
anyways
28%
clouds
28%
flowers
28%
grow
28%
sounds
28%
things
28%
trying
28%
dumb
22%
work
22%
huse
11%

Score Distribution

Percentile by Number Answered

Percent of People with Each Score

Your Score History

You have not taken this quiz